<?xml version="1.0" encoding="UTF-8"?>
<record
    xmlns:xsi="http://www.w3.org/2001/XMLSchema-instance"
    xsi:schemaLocation="http://www.loc.gov/MARC21/slim http://www.loc.gov/standards/marcxml/schema/MARC21slim.xsd"
    xmlns="http://www.loc.gov/MARC21/slim">

  <leader>01828nab a2200265 ab4500</leader>
  <controlfield tag="005">20260702123450.0</controlfield>
  <controlfield tag="008">260604b2025    sp tr poo|    0   0 spa d</controlfield>
  <controlfield tag="003"></controlfield>
  <datafield tag="040" ind1=" " ind2=" ">
    <subfield code="a">MX-MxUPN</subfield>
    <subfield code="b">spa</subfield>
    <subfield code="c">MX-MxUPN</subfield>
    <subfield code="e">aacr2</subfield>
  </datafield>
  <datafield tag="100" ind1="1" ind2=" ">
    <subfield code="a">Bergua Amores, Jos&#xE9; Angel</subfield>
    <subfield code="9">60190</subfield>
  </datafield>
  <datafield tag="245" ind1="1" ind2="0">
    <subfield code="a">Lo social indeterminado :</subfield>
    <subfield code="b">sociolog&#xED;as de la ignorancia e ignorancias de la sociolog&#xED;a</subfield>
    <subfield code="h">[recurso electr&#xF3;nico en l&#xED;nea]</subfield>
  </datafield>
  <datafield tag="506" ind1="0" ind2=" ">
    <subfield code="a">Acceso abierto</subfield>
  </datafield>
  <datafield tag="520" ind1="3" ind2=" ">
    <subfield code="a">Seg&#xFA;n Castoriadis, lo indeterminado es el aut&#xE9;ntico arkh&#xE9; de lo social. Las reflexiones de Heidegger sobre la nada permiten dar m&#xE1;s cuerpo a esa afirmaci&#xF3;n. Sugerimos que lo social indeterminado son las gentes, caracterizadas por su heterogeneidad, inestabilidad e indexicalidad. Adem&#xE1;s, mostraremos que dicha indeterminaci&#xF3;n se hace patente en la sociolog&#xED;a de dos modos. Por un lado, a trav&#xE9;s de las investigaciones que toman por objeto la ignorancia, si bien suelen disimularla e incluso extraen de ella cierta utilidad. Por otro lado, con las sociolog&#xED;as que se topan con los l&#xED;mites y lo asumen. Un ejemplo de esto son las investigaciones realizadas por el autor sobre los j&#xF3;venes, lo rural y los riders. El art&#xED;culo finaliza resumiendo las conclusiones principales y mostrando las relaciones que los registros real, imaginario y simb&#xF3;lico tienen con lo indeterminado. </subfield>
    <subfield code="c">REIS</subfield>
  </datafield>
  <datafield tag="653" ind1=" " ind2=" ">
    <subfield code="a">Fantasma</subfield>
  </datafield>
  <datafield tag="653" ind1=" " ind2=" ">
    <subfield code="a">Gente</subfield>
  </datafield>
  <datafield tag="653" ind1=" " ind2=" ">
    <subfield code="a">Indeterminaci&#xF3;n</subfield>
  </datafield>
  <datafield tag="653" ind1=" " ind2=" ">
    <subfield code="a">Juventud</subfield>
  </datafield>
  <datafield tag="653" ind1=" " ind2=" ">
    <subfield code="a">Riders</subfield>
  </datafield>
  <datafield tag="600" ind1="1" ind2="0">
    <subfield code="a">Castoriadis, Cornelius,</subfield>
    <subfield code="d">1922-1997</subfield>
    <subfield code="9">32004</subfield>
  </datafield>
  <datafield tag="773" ind1=" " ind2=" ">
    <subfield code="g">No. 193 (2025), p. 21-36</subfield>
    <subfield code="t">REIS: revista espa&#xF1;ola de investigaciones sociol&#xF3;gicas</subfield>
    <subfield code="x">1988-5903</subfield>
  </datafield>
  <datafield tag="856" ind1="4" ind2=" ">
    <subfield code="u">https://reis.cis.es/index.php/reis/article/view/2484</subfield>
  </datafield>
  <datafield tag="856" ind1="4" ind2=" ">
    <subfield code="u">https://reis.cis.es/index.php/reis/article/view/2484/3049</subfield>
  </datafield>
  <datafield tag="902" ind1=" " ind2=" ">
    <subfield code="a">Leonor Sotres/020726</subfield>
  </datafield>
  <datafield tag="942" ind1=" " ind2=" ">
    <subfield code="c">ART-E</subfield>
  </datafield>
  <datafield tag="952" ind1=" " ind2=" ">
    <subfield code="0">0</subfield>
    <subfield code="1">0</subfield>
    <subfield code="4">0</subfield>
    <subfield code="7">0</subfield>
    <subfield code="8">CAA</subfield>
    <subfield code="a">BCUPN50</subfield>
    <subfield code="b">BCUPN50</subfield>
    <subfield code="c">ENL</subfield>
    <subfield code="d">2026-07-02</subfield>
    <subfield code="l">0</subfield>
    <subfield code="r">2026-07-02 12:35:21</subfield>
    <subfield code="u">https://reis.cis.es/index.php/reis/article/view/2484/3049</subfield>
    <subfield code="w">2026-07-02</subfield>
    <subfield code="y">ART-E</subfield>
  </datafield>
  <datafield tag="999" ind1=" " ind2=" ">
    <subfield code="c">215490</subfield>
    <subfield code="d">215490</subfield>
  </datafield>
</record>
